书目信息 |
| 书名: | Untamed | |
| 作者: | P.C.Cast and Kristin Cast | |
| 分册号: | ||
| 分册名: | 出版地: | U.S.A. |
|
| 出版社: | St.Martin's Press | |
| 出版时间: | 2010 | |
| 页数: | 338p | |
| 开本: | 21cm | |
| 丛书名: | ||
| 中图分类号: | ||
| 科图分类号: | ||
| 其他分类号: | I712.45 | |
| 主题词: | ||
| 电子资源: | ||
| 000 | 00494nam0 2200193 450 | |
| 001 | 052012179390 | |
| 005 | 20121107144550.0 | |
| 008 | 20021229d1997 em y0chiy0121 ea | |
| 020 | @a978-0-312-37983-4@c$8.95 | |
| 041 | @aeng | |
| 091 | @aI712.45 | |
| 099 | @dI712.45@eP1 | |
| 100 | @aP.C.Cast and Kristin Cast | |
| 245 | 10 | @aUntamed @cP.C.Cast and Kristin Cast |
| 260 | @aU.S.A.@bSt.Martin's Press@c2010 | |
| 300 | @a338p@c21cm | |
| 521 | @aUntamed | |
| 905 | @b8321-3 | |
| 905 | @aTSG@dI712.45@eP1 | |
| Untamed / P.C.Cast and Kristin Cast.-U.S.A. : St.Martin's Press , 2010 |
| 338p ; 21cm |
| Untamed |
| ISBN 978-0-312-37983-4$8.95 |
| ● |
| 相关链接 |
|
|
|
正题名:Untamed
索取号:I712.45/P1
 
预约/预借
| 序号 | 登录号 | 条形码 | 馆藏地/架位号 | 状态 | 备注 |
| 1 | 8321 | 300083219 | 文学库116/ [索取号:I712.45/P1] | 在馆 | |
| 2 | 8322 | 300083228 | 文学库116/400A自科库 23排2列1层/ [索取号:I712.45/P1] | 在馆 | |
| 3 | 8323 | 300083237 | 文学库116/400A自科库 23排2列1层/ [索取号:I712.45/P1] | 在馆 |